000 00720nam a2200205 a 4500
001 0712
005 20140414132143.0
008 040927s19uu xx 00 eng d
020 _a0-978-0439-04592-4
050 _aKIT (LCER) 513.2'11
_bB35 1998
100 _aBerger, Samantha
245 _aApples /
_cSamantha Berger, Betsey Chessen.
260 _aNew York :
_bScholastic,
_c1998.
300 _a1 v. (unp.) : ill. ; cm.
440 _aLearning center emergent readers
520 _aReproduces paintings of apples, from one to ten, by various artists including Rene Margaritte, Andy Warhol, Fernando Botero, and Paul Cezanne.
650 _aCounting
_xJuvenile literature.
999 _c115378
_d115378